[Event "Stay Safe Play From Home 413"]
[Site "Emanuel Lasker Arena"]
[Date "2020.08.26"]
[Round "1"]
[White "Nguyen Hong Anh"]
[Black "ionelluca"]
[Result "0-1"]
[WhiteElo "2201"]
[BlackElo "2033"]
[PlyCount "88"]
[EventDate "2020.08.26"]
[EventType "swiss (blitz)"]

1. d4 {[%emt 0:00:01]} d6 {[%emt 0:00:06]} 2. c4 {[%emt 0:00:01]} e6 {[%emt 0:00:02]} 3. Nf3 {[%emt 0:00:01]} Nf6 {[%emt 0:00:02]} 4. g3 {[%emt 0:00:01]} c5 {[%emt 0:00:02]} 5. Bg2 {[%emt 0:00:01]} Nc6 {[%emt 0:00:03]} 6. O-O {[%emt 0:00:01]} Bd7 {[%emt 0:00:02]} 7. Nc3 {[%emt 0:00:02]} Rb8 {[%emt 0:00:04]} 8. b3 {[%emt 0:00:02]} b6 {[%emt 0:00:11]} 9. Bb2 {[%emt 0:00:03]} g6 {[%emt 0:00:04]} 10. dxc5 {[%emt 0:00:04]} dxc5 {[%emt 0:00:04]} 11. Ne4 {[%emt 0:00:03]} Be7 {[%emt 0:00:21]} 12. Nd6+ {[%emt 0:00:08]} Kf8 {[%emt 0:00:29]} 13. Ng5 {[%emt 0:00:04]} Be8 {[%emt 0:00:16]} 14. Nxe8 {[%emt 0:00:37]} Qxe8 {[%emt 0:00:03]} 15. Ne4 {[%emt 0:00:07]} Kg7 {[%emt 0:00:28]} 16. Qd3 {[%emt 0:00:27]} e5 {[%emt 0:00:03]} 17. Nd6 {[%emt 0:00:23]} Bxd6 {[%emt 0:00:06]} 18. Qxd6 {[%emt 0:00:03]} Nd4 {[%emt 0:00:01]} 19. e3 {[%emt 0:00:05]} Rd8 {[%emt 0:00:01]} 20. Qc7 {[%emt 0:00:07]} Rd7 {[%emt 0:00:07]} 21. Bc6 {[%emt 0:00:04]} Rxc7 {[%emt 0:00:05]} 22. Bxe8 {[%emt 0:00:02]} Rxe8 {[%emt 0:00:12]} 23. exd4 {[%emt 0:00:01]} exd4 {[%emt 0:00:07]} 24. b4 {[%emt 0:00:02]} Rd8 {[%emt 0:00:10]} 25. Rfd1 {[%emt 0:00:06]} Ne4 {[%emt 0:00:09]} 26. Rac1 {[%emt 0:00:07]} f5 {[%emt 0:00:02]} 27. a4 {[%emt 0:00:02]} Kf7 {[%emt 0:00:03]} 28. a5 {[%emt 0:00:01]} cxb4 {[%emt 0:00:02]} 29. axb6 {[%emt 0:00:03]} axb6 {[%emt 0:00:01]} 30. Rxd4 {[%emt 0:00:12]} Rxd4 {[%emt 0:00:05]} 31. Bxd4 {[%emt 0:00:01]} Rc6 {[%emt 0:00:01]} 32. Rb1 {[%emt 0:00:02]} Rxc4 {[%emt 0:00:04]} 33. Bxb6 {[%emt 0:00:01]} Nd2 {[%emt 0:00:01]} 34. Rb2 {[%emt 0:00:02]} Nf3+ {[%emt 0:00:06]} 35. Kg2 {[%emt 0:00:02]} Ne5 {[%emt 0:00:01]} 36. Rd2 {[%emt 0:00:06]} Ke6 {[%emt 0:00:02]} 37. Bd4 {[%emt 0:00:09]} b3 {[%emt 0:00:07]} 38. Ba1 {[%emt 0:00:08]} Rb4 {[%emt 0:00:02]} 39. Bc3 {[%emt 0:00:03]} Rb5 {[%emt 0:00:02]} 40. Re2 {[%emt 0:00:05]} Kd6 {[%emt 0:00:01]} 41. Rd2+ {[%emt 0:00:06]} Kc6 {[%emt 0:00:02]} 42. Rb2 {[%emt 0:00:02]} Nc4 {[%emt 0:00:01]} 43. Rb1 {[%emt 0:00:03]} b2 {[%emt 0:00:01]} 44. Kf3 {[%emt 0:00:01]} Rb3 {[%emt 0:00:02] Nguyen Hong Anh resigns Nguyen Hong Anh resigns Nguyen Hong Anh resigns (Lag: Av=1.09s, max=1.9s) (Lag: Av=1.09s, max=1.9s) (Lag: Av=1.09s, max=1.9s)} 0-1

[Event "Stay Safe Play From Home 413"]
[Site "Emanuel Lasker Arena"]
[Date "2020.08.26"]
[Round "1"]
[White "MihailoVujic"]
[Black "Padmaesh M K"]
[Result "1-0"]
[WhiteElo "2117"]
[BlackElo "1820"]
[PlyCount "55"]
[EventDate "2020.08.26"]
[EventType "swiss (blitz)"]

1. e4 {[%emt 0:00:01]} c5 {[%emt 0:00:01]} 2. c3 {[%emt 0:00:01]} d6 {[%emt 0:00:07]} 3. Nf3 {[%emt 0:00:02]} e5 {[%emt 0:00:03]} 4. d4 {[%emt 0:00:02]} cxd4 {[%emt 0:00:01]} 5. cxd4 {[%emt 0:00:01]} Nc6 {[%emt 0:00:00]} 6. dxe5 {[%emt 0:00:03]} dxe5 {[%emt 0:00:00]} 7. Qxd8+ {[%emt 0:00:03]} Kxd8 {[%emt 0:00:00]} 8. Bc4 {[%emt 0:00:01]} Bb4+ {[%emt 0:00:06]} 9. Bd2 {[%emt 0:00:04]} Nf6 {[%emt 0:00:03]} 10. Bxf7 {[%emt 0:00:34]} Ke7 {[%emt 0:00:26]} 11. Bd5 {[%emt 0:00:05]} Bg4 {[%emt 0:00:14]} 12. Nc3 {[%emt 0:00:08]} Bxf3 {[%emt 0:00:05]} 13. gxf3 {[%emt 0:00:10]} Nd4 {[%emt 0:00:02]} 14. O-O-O {[%emt 0:00:17]} Nxf3 {[%emt 0:00:09]} 15. a3 {[%emt 0:00:18]} Nxd2 {[%emt 0:00:07]} 16. axb4 {[%emt 0:00:01]} Nf3 {[%emt 0:00:03]} 17. Rd3 {[%emt 0:00:01]} Nd4 {[%emt 0:00:04]} 18. f4 {[%emt 0:00:01]} Nxd5 {[%emt 0:00:36]} 19. Nxd5+ {[%emt 0:00:06]} Ke6 {[%emt 0:00:04]} 20. Nc7+ {[%emt 0:00:05]} Kd6 {[%emt 0:00:01]} 21. Nxa8 {[%emt 0:00:04]} Rxa8 {[%emt 0:00:01]} 22. Rg1 {[%emt 0:00:16]} Ke6 {[%emt 0:00:31]} 23. Rxg7 {[%emt 0:00:07]} Ne2+ {[%emt 0:00:02]} 24. Kb1 {[%emt 0:00:05]} Nxf4 {[%emt 0:00:00]} 25. Rc3 {[%emt 0:00:06]} Rb8 {[%emt 0:00:15]} 26. Rxh7 {[%emt 0:00:04]} a6 {[%emt 0:00:17]} 27. Rcc7 {[%emt 0:00:04]} b6 {[%emt 0:00:20]} 28. Rc6# {[%emt 0:00:01] (Lag: Av=0.64s, max=1.9s) (Lag: Av=0.64s, max=1.9s) (Lag: Av=0.64s, max=1.9s)} 1-0

[Event "Stay Safe Play From Home 413"]
[Site "Emanuel Lasker Arena"]
[Date "2020.08.26"]
[Round "1"]
[White "Don59as"]
[Black "JULIAN16"]
[Result "1-0"]
[WhiteElo "2017"]
[BlackElo "1820"]
[Annotator "NA"]
[PlyCount "61"]
[EventDate "2020.08.26"]
[EventType "swiss (blitz)"]

1. c4 {[%emt 0:00:05]} Nf6 {[%emt 0:00:02]} 2. Nc3 {[%emt 0:00:04]} d5 {[%emt 0:00:10]} 3. cxd5 {[%emt 0:00:10]} Nxd5 {[%emt 0:00:02]} 4. d4 {[%emt 0:00:03]} c6 {[%emt 0:00:37]} 5. e4 {[%emt 0:00:06]} Nxc3 {[%emt 0:00:04]} 6. bxc3 {[%emt 0:00:01]} g6 {[%emt 0:00:04]} 7. Bc4 {[%emt 0:00:02]} Bg7 {[%emt 0:00:01]} 8. Ne2 {[%emt 0:00:01]} c5 {[%emt 0:00:07]} 9. O-O {[%emt 0:00:03]} O-O {[%emt 0:00:04]} 10. Be3 {[%emt 0:00:03]} cxd4 {[%emt 0:00:08]} 11. cxd4 {[%emt 0:00:03]} Nc6 {[%emt 0:00:09]} 12. Rb1 {[%emt 0:00:03]} Qa5 {[%emt 0:00:17]} 13. f3 {[%emt 0:00:11]} a6 {[%emt 0:00:14]} 14. Qb3 {[%emt 0:00:14]} e6 {[%emt 0:00:04]} 15. d5 {[%emt 0:00:10]} exd5 {[%emt 0:00:10]} 16. exd5 {[%emt 0:00:13]} Ne5 {[%emt 0:00:41]} 17. Bb6 {[%emt 0:00:14]} Qd2 {[%emt 0:00:06]} 18. Rfd1 {[%emt 0:00:03]} Qh6 {[%emt 0:00:11]} 19. d6 {[%emt 0:00:17]} Nxc4 {[%emt 0:00:05]} 20. Qxc4 {[%emt 0:00:14]} Be6 {[%emt 0:00:05]} 21. Qa4 {[%emt 0:00:10]} Bf6 {[%emt 0:00:30]} 22. d7 {[%emt 0:00:06]} Bd8 {[%emt 0:00:09]} 23. Nf4 {[%emt 0:00:09]} g5 {[%emt 0:00:15]} 24. Nxe6 {[%emt 0:00:13]} Qxe6 {[%emt 0:00:01]} 25. Bxd8 {[%emt 0:00:09]} Rfxd8 {[%emt 0:00:03]} 26. Rxb7 {[%emt 0:00:04]} Rab8 {[%emt 0:00:20]} 27. Rxb8 {[%emt 0:00:03]} Rxb8 {[%emt 0:00:01]} 28. d8=Q+ {[%emt 0:00:03]} Rxd8 {[%emt 0:00:11]} 29. Rxd8+ {[%emt 0:00:04]} Kg7 {[%emt 0:00:01]} 30. Qd4+ {[%emt 0:00:01]} Kh6 {[%emt 0:00:02]} 31. Rd6 {[%emt 0:00:02] JULIAN16 rinde JULIAN16 rinde JULIAN16 rinde (Lag: Av=0.97s, max=1.9s) (Lag: Av=0.97s, max=1.9s) (Lag: Av=0.97s, max=1.9s)} 1-0

[Event "Stay Safe Play From Home 413"]
[Site "Emanuel Lasker Arena"]
[Date "2020.08.26"]
[Round "1"]
[White "Patzeroglu"]
[Black "Mepe_Nika"]
[Result "1-0"]
[WhiteElo "1951"]
[BlackElo "2339"]
[PlyCount "85"]
[EventDate "2020.08.26"]
[EventType "swiss (blitz)"]

{Aborted - No contact to opponent.} 1. e4 {[%emt 0:00:03]} c6 {[%emt 0:00:03]} 2. d4 {[%emt 0:00:03]} d5 {[%emt 0:00:00]} 3. Nc3 {[%emt 0:00:04]} dxe4 {[%emt 0:00:02]} 4. Nxe4 {[%emt 0:00:00]} Nf6 {[%emt 0:00:00]} 5. Nxf6+ {[%emt 0:00:02]} exf6 {[%emt 0:00:00]} 6. c3 {[%emt 0:00:01]} Bd6 {[%emt 0:00:01]} 7. Bd3 {[%emt 0:00:00]} O-O {[%emt 0:00:01]} 8. Ne2 {[%emt 0:00:02]} Re8 {[%emt 0:00:00]} 9. Be3 {[%emt 0:00:01]} Nd7 {[%emt 0:00:03]} 10. Qd2 {[%emt 0:00:00]} Nf8 {[%emt 0:00:02]} 11. Bf4 {[%emt 0:00:03]} Bg4 {[%emt 0:00:06]} 12. f3 {[%emt 0:00:04]} Be6 {[%emt 0:00:05]} 13. O-O {[%emt 0:00:03]} Ng6 {[%emt 0:00:03]} 14. Bxd6 {[%emt 0:00:02]} Qxd6 {[%emt 0:00:00]} 15. Rfe1 {[%emt 0:00:05]} Re7 {[%emt 0:00:02]} 16. a3 {[%emt 0:00:06]} Rae8 {[%emt 0:00:01]} 17. Bxg6 {[%emt 0:00:02]} hxg6 {[%emt 0:00:01]} 18. Nf4 {[%emt 0:00:00]} g5 {[%emt 0:00:03]} 19. Nxe6 {[%emt 0:00:03]} Rxe6 {[%emt 0:00:00]} 20. Rxe6 {[%emt 0:00:02]} Qxe6 {[%emt 0:00:00]} 21. Kf2 {[%emt 0:00:04]} g4 {[%emt 0:00:01]} 22. Re1 {[%emt 0:00:05]} Qxe1+ {[%emt 0:00:08]} 23. Qxe1 {[%emt 0:00:00]} Rxe1 {[%emt 0:00:01]} 24. Kxe1 {[%emt 0:00:00]} gxf3 {[%emt 0:00:00]} 25. g4 {[%emt 0:00:21]} Kf8 {[%emt 0:00:20]} 26. Kf2 {[%emt 0:00:05]} Ke7 {[%emt 0:00:00]} 27. Kxf3 {[%emt 0:00:01]} Ke6 {[%emt 0:00:00]} 28. Ke4 {[%emt 0:00:02]} Kd6 {[%emt 0:00:12]} 29. c4 {[%emt 0:00:04]} b6 {[%emt 0:00:05]} 30. h4 {[%emt 0:00:36]} a5 {[%emt 0:00:06]} 31. b4 {[%emt 0:00:02]} axb4 {[%emt 0:00:03]} 32. axb4 {[%emt 0:00:00]} Ke6 {[%emt 0:00:14]} 33. h5 {[%emt 0:00:03]} Kd6 {[%emt 0:00:08]} 34. c5+ {[%emt 0:00:07]} bxc5 {[%emt 0:00:01]} 35. bxc5+ {[%emt 0:00:01]} Ke6 {[%emt 0:00:02]} 36. d5+ {[%emt 0:00:01]} cxd5+ {[%emt 0:00:03]} 37. Kd4 {[%emt 0:00:00]} Ke7 {[%emt 0:00:17]} 38. Kxd5 {[%emt 0:00:04]} Kd7 {[%emt 0:00:01]} 39. c6+ {[%emt 0:00:01]} Kc7 {[%emt 0:00:22]} 40. Kc5 {[%emt 0:00:02]} Kc8 {[%emt 0:00:07]} 41. Kd6 {[%emt 0:00:02]} Kd8 {[%emt 0:00:01]} 42. c7+ {[%emt 0:00:01]} Kc8 {[%emt 0:00:01]} 43. Kc6 {[%emt 0:00:11] (Lag: Av=0.47s, max=0.9s) (Lag: Av=0.47s, max=0.9s) (Lag: Av=0.47s, max=0.9s)} 1-0

[Event "Stay Safe Play From Home 413"]
[Site "Emanuel Lasker Arena"]
[Date "2020.08.26"]
[Round "1"]
[White "Lazieri3"]
[Black "balajibj"]
[Result "1-0"]
[WhiteElo "1943"]
[BlackElo "1620"]
[PlyCount "47"]
[EventDate "2020.08.26"]
[EventType "swiss (blitz)"]

1. e4 {[%emt 0:00:02]} b6 {[%emt 0:00:04]} 2. Nc3 {[%emt 0:00:00]} c6 {[%emt 0:00:04]} 3. Nf3 {[%emt 0:00:00]} Nf6 {[%emt 0:00:09]} 4. d4 {[%emt 0:00:06]} e6 {[%emt 0:00:15]} 5. Bf4 {[%emt 0:00:04]} Na6 {[%emt 0:00:13]} 6. a3 {[%emt 0:00:03]} Be7 {[%emt 0:00:25]} 7. Bd3 {[%emt 0:00:01]} Nh5 {[%emt 0:00:23]} 8. Be3 {[%emt 0:00:02]} Bf6 {[%emt 0:00:10]} 9. Qe2 {[%emt 0:00:11]} g5 {[%emt 0:00:21]} 10. Bxa6 {[%emt 0:00:03]} Bxa6 {[%emt 0:00:37]} 11. Qxa6 {[%emt 0:00:00]} b5 {[%emt 0:00:05]} 12. a4 {[%emt 0:00:09]} bxa4 {[%emt 0:00:40]} 13. Qxa4 {[%emt 0:00:13]} e5 {[%emt 0:00:16]} 14. dxe5 {[%emt 0:00:05]} Bxe5 {[%emt 0:00:04]} 15. Nxe5 {[%emt 0:00:02]} Nf6 {[%emt 0:00:05]} 16. Bxg5 {[%emt 0:00:06]} Ng4 {[%emt 0:00:13]} 17. Bxd8 {[%emt 0:00:03]} Kxd8 {[%emt 0:00:04]} 18. Nxf7+ {[%emt 0:00:02]} Ke8 {[%emt 0:00:05]} 19. Nxh8 {[%emt 0:00:00]} Kf8 {[%emt 0:00:06]} 20. e5 {[%emt 0:00:07]} Kg7 {[%emt 0:00:02]} 21. Qxg4+ {[%emt 0:00:02]} Kxh8 {[%emt 0:00:02]} 22. Qxd7 {[%emt 0:00:02]} Rg8 {[%emt 0:00:06]} 23. Rxa7 {[%emt 0:00:02]} Rxg2 {[%emt 0:00:06]} 24. Qxh7# {[%emt 0:00:02] (Lag: Av=1.14s, max=10.5s) (Lag: Av=1.14s, max=10.5s) (Lag: Av=1.14s, max=10.5s) Mate Mate Mate} 1-0

[Event "Stay Safe Play From Home 413"]
[Site "Emanuel Lasker Arena"]
[Date "2020.08.26"]
[Round "1"]
[White "Fischer_11"]
[Black "Holm123"]
[Result "1-0"]
[WhiteElo "1883"]
[BlackElo "1323"]
[Annotator "NA"]
[PlyCount "55"]
[EventDate "2020.08.26"]
[EventType "swiss (blitz)"]

1. e4 {[%emt 0:00:02]} e5 {[%emt 0:00:03]} 2. Nc3 {[%emt 0:00:02]} Nc6 {[%emt 0:00:05]} 3. Bc4 {[%emt 0:00:00]} Nf6 {[%emt 0:00:02]} 4. d3 {[%emt 0:00:02]} Bb4 {[%emt 0:00:08]} 5. f4 {[%emt 0:00:02]} exf4 {[%emt 0:00:08]} 6. Bxf4 {[%emt 0:00:00]} Bxc3+ {[%emt 0:00:11]} 7. bxc3 {[%emt 0:00:03]} d5 {[%emt 0:00:09]} 8. exd5 {[%emt 0:00:43]} Nxd5 {[%emt 0:00:03]} 9. Bxd5 {[%emt 0:00:04]} Qxd5 {[%emt 0:00:02]} 10. Qf3 {[%emt 0:00:00]} Be6 {[%emt 0:00:16]} 11. Bxc7 {[%emt 0:00:13]} O-O {[%emt 0:00:07]} 12. Qxd5 {[%emt 0:00:10]} Bxd5 {[%emt 0:00:02]} 13. Kf2 {[%emt 0:00:01]} Rac8 {[%emt 0:00:07]} 14. Bg3 {[%emt 0:00:03]} Rfe8 {[%emt 0:00:06]} 15. Nf3 {[%emt 0:00:05]} Ne7 {[%emt 0:00:13]} 16. c4 {[%emt 0:00:02]} Bxf3 {[%emt 0:00:02]} 17. Kxf3 {[%emt 0:00:00]} Nf5 {[%emt 0:00:01]} 18. Bf2 {[%emt 0:00:07]} b5 {[%emt 0:00:08]} 19. c5 {[%emt 0:00:04]} Re5 {[%emt 0:00:04]} 20. g4 {[%emt 0:00:02]} Ne7 {[%emt 0:00:06]} 21. a4 {[%emt 0:00:01]} b4 {[%emt 0:00:05]} 22. a5 {[%emt 0:00:10]} Nd5 {[%emt 0:00:03]} 23. h4 {[%emt 0:00:13]} f5 {[%emt 0:00:04]} 24. Rhe1 {[%emt 0:00:06]} fxg4+ {[%emt 0:00:04]} 25. Kxg4 {[%emt 0:00:01]} Rxe1 {[%emt 0:00:05]} 26. Rxe1 {[%emt 0:00:00]} Nf6+ {[%emt 0:00:06]} 27. Kf5 {[%emt 0:00:02]} Rxc5+ {[%emt 0:00:09]} 28. Bxc5 {[%emt 0:00:02] Holm123 gibt auf Holm123 gibt auf Holm123 gibt auf (Lag: Av=0.42s, max=0.6s) (Lag: Av=0.42s, max=0.6s) (Lag: Av=0.42s, max=0.6s)} 1-0

[Event "Stay Safe Play From Home 413"]
[Site "Emanuel Lasker Arena"]
[Date "2020.08.26"]
[Round "1"]
[White "Kongle"]
[Black "Hickey"]
[Result "0-1"]
[WhiteElo "1695"]
[BlackElo "2177"]
[PlyCount "78"]
[EventDate "2020.08.26"]
[EventType "swiss (blitz)"]

1. d4 {[%emt 0:00:02]} Nf6 {[%emt 0:00:01]} 2. c4 {[%emt 0:00:01]} e6 {[%emt 0:00:00]} 3. Nc3 {[%emt 0:00:03]} Bb4 {[%emt 0:00:02]} 4. Bg5 {[%emt 0:00:01]} h6 {[%emt 0:00:37]} 5. Bh4 {[%emt 0:00:03]} g5 {[%emt 0:00:53]} 6. Bg3 {[%emt 0:00:05]} Ne4 {[%emt 0:00:02]} 7. Qd3 {[%emt 0:00:04]} f5 {[%emt 0:00:02]} 8. e3 {[%emt 0:00:07]} d6 {[%emt 0:00:07]} 9. Be2 {[%emt 0:00:03]} Nd7 {[%emt 0:00:07]} 10. Bh5+ {[%emt 0:00:03]} Ke7 {[%emt 0:00:06]} 11. Nge2 {[%emt 0:00:04]} Ndf6 {[%emt 0:00:07]} 12. f3 {[%emt 0:00:16]} Nxc3 {[%emt 0:00:13]} 13. bxc3 {[%emt 0:00:02]} Ba5 {[%emt 0:00:05]} 14. h4 {[%emt 0:00:44]} Nxh5 {[%emt 0:00:05]} 15. hxg5 {[%emt 0:00:02]} Nxg3 {[%emt 0:00:01]} 16. Nxg3 {[%emt 0:00:04]} hxg5 {[%emt 0:00:01]} 17. O-O-O {[%emt 0:00:03]} Bd7 {[%emt 0:00:09]} 18. d5 {[%emt 0:00:09]} Kf6 {[%emt 0:00:37]} 19. dxe6 {[%emt 0:00:06]} Bxe6 {[%emt 0:00:00]} 20. Qd4+ {[%emt 0:00:03]} Kg6 {[%emt 0:00:01]} 21. e4 {[%emt 0:00:26]} Qf6 {[%emt 0:00:23]} 22. Qd3 {[%emt 0:00:12]} Qxc3+ {[%emt 0:00:03]} 23. Qxc3 {[%emt 0:00:03]} Bxc3 {[%emt 0:00:00]} 24. Kc2 {[%emt 0:00:05]} Be5 {[%emt 0:00:01]} 25. exf5+ {[%emt 0:00:13]} Bxf5+ {[%emt 0:00:00]} 26. Nxf5 {[%emt 0:00:02]} Kxf5 {[%emt 0:00:00]} 27. Rhe1 {[%emt 0:00:12]} Rh2 {[%emt 0:00:06]} 28. Re2 {[%emt 0:00:05]} b6 {[%emt 0:00:06]} 29. Rd5 {[%emt 0:00:04]} Kf6 {[%emt 0:00:03]} 30. c5 {[%emt 0:00:09]} bxc5 {[%emt 0:00:02]} 31. Kd3 {[%emt 0:00:10]} Rb8 {[%emt 0:00:02]} 32. Ke4 {[%emt 0:00:09]} Rb4+ {[%emt 0:00:02]} 33. Ke3 {[%emt 0:00:05]} Rd4 {[%emt 0:00:00]} 34. Rxd4 {[%emt 0:00:05]} cxd4+ {[%emt 0:00:00]} 35. Ke4 {[%emt 0:00:02]} c5 {[%emt 0:00:00]} 36. a4 {[%emt 0:00:03]} Ke6 {[%emt 0:00:02]} 37. a5 {[%emt 0:00:01]} d5+ {[%emt 0:00:01]} 38. Kd3 {[%emt 0:00:01]} c4+ {[%emt 0:00:00]} 39. Kc2 {[%emt 0:00:01]} d3+ {[%emt 0:00:02] Kongle resigns Kongle resigns (Lag: Av=1.02s, max=4.1s) (Lag: Av=1.02s, max=4.1s) Kongle resigns (Lag: Av=1.02s, max=4.1s)} 0-1

[Event "Stay Safe Play From Home 413"]
[Site "Emanuel Lasker Arena"]
[Date "2020.08.26"]
[Round "1"]
[White "Dreamsoldier"]
[Black "Dukic"]
[Result "0-1"]
[WhiteElo "1530"]
[BlackElo "1835"]
[Annotator "NA"]
[PlyCount "42"]
[EventDate "2020.08.26"]
[EventType "swiss (blitz)"]

1. e4 {[%emt 0:00:02]} c6 {[%emt 0:00:01]} 2. Nf3 {[%emt 0:00:01]} d6 {[%emt 0:00:01]} 3. Nc3 {[%emt 0:00:01]} Bg4 {[%emt 0:00:02]} 4. Be2 {[%emt 0:00:01]} Nd7 {[%emt 0:00:01]} 5. d3 {[%emt 0:00:00]} e5 {[%emt 0:00:01]} 6. Bg5 {[%emt 0:00:02]} Qb6 {[%emt 0:00:01]} 7. Bc1 {[%emt 0:00:02]} Be7 {[%emt 0:00:02]} 8. h3 {[%emt 0:00:02]} Bh5 {[%emt 0:00:02]} 9. g4 {[%emt 0:00:02]} Bg6 {[%emt 0:00:01]} 10. h4 {[%emt 0:00:00]} h6 {[%emt 0:00:02]} 11. g5 {[%emt 0:00:04]} hxg5 {[%emt 0:00:02]} 12. Nxg5 {[%emt 0:00:04]} Ngf6 {[%emt 0:00:08]} 13. Na4 {[%emt 0:00:07]} Qa5+ {[%emt 0:00:03]} 14. Nc3 {[%emt 0:00:03]} Nh5 {[%emt 0:00:10]} 15. Bd2 {[%emt 0:00:05]} Qb6 {[%emt 0:00:04]} 16. Qc1 {[%emt 0:00:05]} Nf4 {[%emt 0:00:06]} 17. Bxf4 {[%emt 0:01:10]} exf4 {[%emt 0:00:03]} 18. Kd2 {[%emt 0:00:10]} Ne5 {[%emt 0:00:19]} 19. f3 {[%emt 0:00:06]} Qe3+ {[%emt 0:00:09]} 20. Ke1 {[%emt 0:00:02]} Bxg5 {[%emt 0:00:02]} 21. Qxe3 {[%emt 0:00:02]} fxe3 {[%emt 0:00:02] Dreamsoldier terk eder Dreamsoldier terk eder Dreamsoldier terk eder (Lag: Av=0.42s, max=0.5s) (Lag: Av=0.42s, max=0.5s) (Lag: Av=0.42s, max=0.5s)} 0-1

[Event "Stay Safe Play From Home 413"]
[Site "Emanuel Lasker Arena"]
[Date "2020.08.26"]
[Round "2"]
[White "Mepe_Nika"]
[Black "Kongle"]
[Result "1-0"]
[WhiteElo "2308"]
[BlackElo "1693"]
[PlyCount "119"]
[EventDate "2020.08.26"]
[EventType "swiss (blitz)"]

1. d4 {[%emt 0:00:01]} Nf6 {[%emt 0:00:05]} 2. Bf4 {[%emt 0:00:01]} d5 {[%emt 0:00:04]} 3. e3 {[%emt 0:00:03]} b6 {[%emt 0:00:01]} 4. Nf3 {[%emt 0:00:03]} Bb7 {[%emt 0:00:01]} 5. Bd3 {[%emt 0:00:01]} e6 {[%emt 0:00:01]} 6. O-O {[%emt 0:00:01]} Nbd7 {[%emt 0:00:01]} 7. c4 {[%emt 0:00:01]} Ne4 {[%emt 0:00:02]} 8. cxd5 {[%emt 0:00:01]} exd5 {[%emt 0:00:01]} 9. Nc3 {[%emt 0:00:00]} c6 {[%emt 0:00:04]} 10. Rc1 {[%emt 0:00:02]} Ndf6 {[%emt 0:00:01]} 11. Ne5 {[%emt 0:00:02]} Bd6 {[%emt 0:00:08]} 12. Nxe4 {[%emt 0:00:01]} dxe4 {[%emt 0:00:02]} 13. Bc4 {[%emt 0:00:06]} O-O {[%emt 0:00:08]} 14. Qb3 {[%emt 0:00:00]} Qe7 {[%emt 0:00:06]} 15. Nxf7 {[%emt 0:00:09]} Bxf4 {[%emt 0:00:25]} 16. Ne5+ {[%emt 0:00:01]} Kh8 {[%emt 0:00:02]} 17. exf4 {[%emt 0:00:01]} Nd5 {[%emt 0:00:09]} 18. Qh3 {[%emt 0:00:08]} Rf6 {[%emt 0:00:12]} 19. Bxd5 {[%emt 0:00:19]} cxd5 {[%emt 0:00:02]} 20. Rc3 {[%emt 0:00:00]} Raf8 {[%emt 0:00:16]} 21. Rfc1 {[%emt 0:00:02]} Rh6 {[%emt 0:00:14]} 22. Rc7 {[%emt 0:00:07]} Qxc7 {[%emt 0:00:07]} 23. Rxc7 {[%emt 0:00:00]} Rxh3 {[%emt 0:00:03]} 24. gxh3 {[%emt 0:00:00]} Ba6 {[%emt 0:00:08]} 25. Rxa7 {[%emt 0:00:02]} Be2 {[%emt 0:00:04]} 26. Rd7 {[%emt 0:00:08]} g6 {[%emt 0:00:08]} 27. Rxd5 {[%emt 0:00:02]} Rxf4 {[%emt 0:00:01]} 28. Rd6 {[%emt 0:00:12]} Rf5 {[%emt 0:00:14]} 29. f3 {[%emt 0:00:34]} exf3 {[%emt 0:00:09]} 30. Kf2 {[%emt 0:00:02]} b5 {[%emt 0:00:06]} 31. Rd8+ {[%emt 0:00:08]} Kg7 {[%emt 0:00:02]} 32. Rd7+ {[%emt 0:00:00]} Kh6 {[%emt 0:00:05]} 33. Rf7 {[%emt 0:00:01]} Rh5 {[%emt 0:00:16]} 34. Nxf3 {[%emt 0:00:03]} Bc4 {[%emt 0:00:01]} 35. Ra7 {[%emt 0:00:08]} Rxh3 {[%emt 0:00:05]} 36. Rxh7+ {[%emt 0:00:04]} Kxh7 {[%emt 0:00:04]} 37. Ng5+ {[%emt 0:00:00]} Kg7 {[%emt 0:00:01]} 38. Nxh3 {[%emt 0:00:00]} Bxa2 {[%emt 0:00:01]} 39. Ke3 {[%emt 0:00:01]} Bb1 {[%emt 0:00:03]} 40. Nf4 {[%emt 0:00:03]} Kf6 {[%emt 0:00:02]} 41. Nd5+ {[%emt 0:00:04]} Kf5 {[%emt 0:00:05]} 42. Nc3 {[%emt 0:00:00]} Bc2 {[%emt 0:00:11]} 43. Nxb5 {[%emt 0:00:01]} g5 {[%emt 0:00:01]} 44. Nc3 {[%emt 0:00:03]} Kg4 {[%emt 0:00:06]} 45. d5 {[%emt 0:00:03]} Kh3 {[%emt 0:00:01]} 46. d6 {[%emt 0:00:01]} Bf5 {[%emt 0:00:01]} 47. Ne4 {[%emt 0:00:06]} g4 {[%emt 0:00:06]} 48. Nf2+ {[%emt 0:00:06]} Kxh2 {[%emt 0:00:05]} 49. Nxg4+ {[%emt 0:00:01]} Bxg4 {[%emt 0:00:01]} 50. b4 {[%emt 0:00:00]} Bd7 {[%emt 0:00:01]} 51. Kd4 {[%emt 0:00:00]} Kg3 {[%emt 0:00:01]} 52. Kc5 {[%emt 0:00:00]} Kf4 {[%emt 0:00:01]} 53. b5 {[%emt 0:00:00]} Ke5 {[%emt 0:00:01]} 54. b6 {[%emt 0:00:01]} Bc8 {[%emt 0:00:08]} 55. d7 {[%emt 0:00:02]} Bxd7 {[%emt 0:00:03]} 56. b7 {[%emt 0:00:01]} Kf5 {[%emt 0:00:03]} 57. b8=Q {[%emt 0:00:00]} Be6 {[%emt 0:00:01]} 58. Kd4 {[%emt 0:00:02]} Kg4 {[%emt 0:00:05]} 59. Ke3 {[%emt 0:00:03]} Bf5 {[%emt 0:00:01]} 60. Qf4+ {[%emt 0:00:01] Kongle resigns Kongle resigns Kongle resigns (Lag: Av=0.64s, max=3.4s) (Lag: Av=0.64s, max=3.4s) (Lag: Av=0.64s, max=3.4s)} 1-0